000 00301nam a22001337a 4500
008 170715b xxu||||| |||| 00| 0 eng d
020 _a9781597260985
041 _aeng
080 _a2
100 _a24
101 _ateo
245 _aEVOLUTION AND CHRISTIAN FAITH
_cROUGHGARDEN, J
942 _2udc
_cBK
999 _c21187
_d21187